| 000 | 00472nam a22001817a 4500 | ||
|---|---|---|---|
| 003 | NUST - PNEC | ||
| 005 | 20170116180753.0 | ||
| 008 | 150313b xxu||||| |||| 00| 0 eng d | ||
| 020 | _a0761932593 | ||
| 040 | _cLIBRARY | ||
| 082 | _a 352.3802854678 BHA | ||
| 100 |
_91844 _aSubhash Bhatnagar |
||
| 245 |
_aE-Government _cSubhash Bhatnagar |
||
| 260 |
_aLondon _bNew Delhi _cC 2004 |
||
| 300 | _a193 . : | ||
| 650 |
_91846 _aSubhash Bhatnagar _xGernal |
||
| 942 |
_2ddc _cBK |
||
| 999 |
_c62627 _d62627 |
||